| 000 | 00602nam a2200145 a 4500 | ||
|---|---|---|---|
| 008 | 080307s1995 ||||||||||||||||| || u | ||
| 050 | _aIBRD(08)DP | ||
| 100 | _aHarrold, Peter | ||
| 245 | 1 | 4 |
_aThe broad sector approach to investment lending: sector investment programs _cHarrold, Peter and Associates |
| 260 |
_aWashington, D. C. _bWorld Bank _c1995 |
||
| 300 | _axv, 50p. :ill. | ||
| 350 | _a0.00 | ||
| 490 | _aWorld Bank Discussion Papers | ||
| 995 |
_D0.00 _FCBU-MAIN LIBRARY (Kitwe) _H1 _I0.00 _M1 _UAVAILABLE _WMar 7, 2008 _ZInternational Publications |
||
| 999 |
_c36171 _d36171 |
||